Southville International School and Colleges
Your cart is empty.
  • Cart
  • Lists
    Public lists Eva Luna New books Lux_list list_1
    Your lists Log in to create your own lists
  • Log in to your account
  • Your cookies
  • Search history
Southville International School and Colleges
  • Advanced search
  • Recent comments
  • Most popular
  • Libraries

Log in to your account

Log in with GOOGLE


If you do not have an external account, but do have a local account, you can still log in:

  1. Home
  2. MARC view: Wild and free :
Normal view MARC view ISBD view

Wild and free : (Record no. 105226)

[ view plain ]
MARC details
000 -LEADER
fixed length control field 00841nam a2200217 a 4500
005 - DATE AND TIME OF LATEST TRANSACTION
control field 20140412111347.0
008 - FIXED-LENGTH DATA ELEMENTS--GENERAL INFORMATION
fixed length control field 050421s19uu xx 00 eng d
020 ## - INTERNATIONAL STANDARD BOOK NUMBER
International Standard Book Number 1-56899-197-5
050 ## - LIBRARY OF CONGRESS CALL NUMBER
Classification number ER
Item number Wi63 1992
100 ## - MAIN ENTRY--PERSONAL NAME
Personal name Bosson, Jo-Ellen
245 ## - TITLE STATEMENT
Title Wild and free :
Remainder of title the story of a black-footed ferret /
Statement of responsibility, etc by Jo-Ellen Bosson.
260 ## - PUBLICATION, DISTRIBUTION, ETC. (IMPRINT)
Place of publication, distribution, etc Norwalk, CT :
Name of publisher, distributor, etc Soundprints papberbacks,
Date of publication, distribution, etc 1992.
300 ## - PHYSICAL DESCRIPTION
Extent 1 v. (unp.) ; ill.
440 ## - SERIES STATEMENT/ADDED ENTRY--TITLE
Title Smithsonian Wild Heritage Collection
520 ## - SUMMARY, ETC.
Summary, etc A black-footed ferret, bred in captivity and released in the wild, tries to evade her natural enemies while raising her young in abandoned prairie dog burrows.
650 ## - SUBJECT ADDED ENTRY--TOPICAL TERM
Topical term or geographic name as entry element Black -footed ferret
General subdivision Juvenile literature
650 ## - SUBJECT ADDED ENTRY--TOPICAL TERM
Topical term or geographic name as entry element Ferret
General subdivision Fiction
650 ## - SUBJECT ADDED ENTRY--TOPICAL TERM
Topical term or geographic name as entry element Rare animals
General subdivision Fiction
650 ## - SUBJECT ADDED ENTRY--TOPICAL TERM
Topical term or geographic name as entry element Prairie animals
General subdivision Fiction
Holdings
Withdrawn status Lost status Damaged status Home library Current library Shelving location Date acquired Source of acquisition Total Checkouts Full call number Barcode Date last seen Price effective from Koha item type
      Elizalde Library Elizalde Library Easy Reading Section 04/21/2005     ER Wi63 1992 E9659 04/12/2014 04/12/2014 Books

Wild and free :

APA

Bosson J., . (1992). Wild and free. Norwalk, CT: Soundprints papberbacks.

Chicago

Bosson Jo-Ellen, . 1992. Wild and free. Norwalk, CT: Soundprints papberbacks.

Harvard

Bosson J., . (1992). Wild and free. Norwalk, CT: Soundprints papberbacks.

MLA

Bosson Jo-Ellen, . Wild and free. Norwalk, CT: Soundprints papberbacks. 1992.

  • Place hold
  • Print
  • Cite
  • Add to your cart (remove)
  • Save record
    BIBTEX Dublin Core MARCXML MARC (non-Unicode/MARC-8) MARC (Unicode/UTF-8) MARC (Unicode/UTF-8, Standard) MODS (XML) RIS
  • More searches
    Search for this title in:
    Other Libraries (WorldCat) Other Databases (Google Scholar) Online Stores (Bookfinder.com) Open Library (openlibrary.org)

Exporting to Dublin Core...

SOUTHVILLE LIBRARY

Southville International School and Colleges Library

1281 Tropical Ave. Cor. Luxembourg St., BF Homes International, Las Pinas City

Tel. No. 8256374 / 252358 Loc. 117/146

Powered by Koha